01488nam a2200337 a 4500001001000000003000500010005001700015008004100032010001100073011001100084040000900095090001000104100004500114245018400159260004100343500006000384502008100444590004000525590004000565650004400605650003100649650005800680650002400738856007000762901000700832942001000839942000600849999001900855952014000874952013601014000112236CHAP20220329144252.0160118s2015 mx |sm |||||||spa d a108697 a109669 cCHAP aTesis1 aGonzález Diéguez, Davir Omar913043310aIdentificación de QTL y selección genómica para resistencia al complejo mancha de asfalto en variedades nativas de maízh[En línea]cpor Davir Omar González Diéguez. aChapingo, Méx. :bEl autor,c2015. aPara ver el contenido del material haga clic en la liga aTesis (M. C. en Biotecnología Agrícola) -- UACH. Departamento Fitotecnia aE5652GLJb05c20160118lUCH01h1226 aE5652GLJb05c20160118lUCH01h122614aMaízxEnfermedades por hongos.97094114aMaízxGenética.97096314aMaízxVariedades resistentes a enfermedades.97108214aPhyllachora.987877 aFinding aiduhttp://10.13.5.2/tesis/sist112236.pdfzTeclea aquí aBK cTESIS n0 c108697d108697 00102local4053708TESISaBCbBCcPA_TESISd2016-01-18fTESISl0oTesisp33724002516710r2019-12-31 00:00:00tc.2w2019-12-31yTESIS 00104054718TESISaBCbBCd2016-01-18fTESISl0oTesisp33724002516751r2019-12-31 00:00:00w2019-12-31yTESISzRecien adquirido